000 00629nam a2200277Ia 4500
005 20260324150639.0
008 008 260324s9999 xx 000 0 eng d
020 _a9781315648699
037 _aEBOOK
040 _aCRL
040 _beng
040 _cCRL
041 _2eng
041 _aeng
084 _qCRL
100 _aSir Basil Bartlett
_91227131
245 0 _aWriting for Television
260 _bTaylor and Francis
260 _c1955
365 _a
365 _b180
856 _uhttp://www.taylorfrancis.com/books/9781315648699
942 _cEBOOK
999 _c1836960
_d1836960